Statistics for Top 20 Chelsea Players By Appearance

Click here to take the quiz!

General Stats

  • This quiz has been taken 83 times
    (28 since last reset)
  • The average score is 7 of 20

Answer Stats

AppearancesPlayer% Correct
648Frank Lampard
93%
717John Terry
89%
381Didier Drogba
85%
494Petr Čech
81%
403César Azpilicueta
48%
380Peter Osgood
41%
795Ron Harris
37%
729Peter Bonetti
33%
370Bobby Tambling
33%
445Dennis Wise
33%
420Kerry Dixon
30%
377Branislav Ivanović
22%
372John Obi Mikel
19%
592John Hollins
15%
373Charlie Cooke
11%
410Eddie McCreadie
7%
421Steve Clarke
7%
409John Bumstead
7%
402Ken Armstrong
4%
370George W. Smith
0%

Score Distribution

Percentile by Number Answered

Percent of People with Each Score

Your Score History

You have not taken this quiz since the last reset